000 00858cam a2200241 4500
008 040426n2001 000 0 eng u
020 _a0117028568
035 _a(Sirsi) u125951
041 _aeng
050 _a692.5
_c18
110 _aCarillion Services
_93856
245 _aPSA schedule of rates for mechanical services
_bfourth edition 2002
250 _a4th ed.
260 _aLondon
_bStationery Office
_c2001
300 _a354p.
_c31cm.
350 _a165
520 _aThis price guide covers all aspects of mechanical work, including installation of boilers, oil storage, air conditioning and thermal insulation as well as pipework, valves, pumps and heaters.
650 _aBUILT ENVIRONMENT-BUILDING COSTS
650 _aMECHANICAL SERVICES
650 _aPSA SCHEDULE OF RATES
690 _aBUILT ENVIRONMENT-BUILDING COSTS
942 _n0
999 _c103522
_d103522